[Event "TCh-CHN 2017"]
[Site "China CHN"]
[Date "2017.04.20"]
[Round "3.2"]
[Board "3"]
[White "Lin, Chen"]
[Black "Bai, Jinshi"]
[Result "1/2-1/2"]
[WhiteTitle "GM"]
[BlackTitle "GM"]
[WhiteElo "2477"]
[BlackElo "2556"]
[WhiteTeam "Jiangsu"]
[BlackTeam "Hangzhou"]
[WhiteFideId "8602298"]
[BlackFideId "8602280"]
[EventDate "2017.04.18"]

1. e4 c5 2. Nf3 Nc6 3. Bb5 g6 4. Bxc6 bxc6 5. O-O Bg7 6. e5 Nh6 7. Re1 O-O 8.
Nc3 d6 9. d3 Bg4 10. exd6 exd6 11. h3 Bxf3 12. Qxf3 Nf5 13. Qxc6 Qa5 14. Be3
Rab8 15. Nd5 Rfc8 16. Qd7 Rd8 17. Qc6 Rdc8 18. Qd7 Rd8 19. Qc6 Rdc8 1/2-1/2

[Event "TCh-CHN 2017"]
[Site "China CHN"]
[Date "2017.04.20"]
[Round "3.2"]
[Board "4"]
[White "Zatonskih, Anna"]
[Black "Guo, Qi"]
[Result "1/2-1/2"]
[WhiteTitle "IM"]
[BlackTitle "IM"]
[WhiteElo "2452"]
[BlackElo "2396"]
[WhiteTeam "Hangzhou"]
[BlackTeam "Jiangsu"]
[WhiteFideId "14101572"]
[BlackFideId "8604002"]
[EventDate "2017.04.18"]

1. d4 Nf6 2. c4 e6 3. Nf3 d5 4. Nc3 Bb4 5. cxd5 exd5 6. Qa4+ Nc6 7. Bg5 h6 8.
Bxf6 Qxf6 9. e3 O-O 10. Be2 Be6 11. a3 Bd6 12. Nb5 Bg4 13. Rc1 a6 14. Nxd6 Qxd6
15. O-O Ne7 16. Qc2 Bxf3 17. Bxf3 c6 18. Rfe1 Rfd8 19. Be2 Qf6 20. Qb3 Rab8 21.
Bd3 Nf5 22. Bxf5 Qxf5 23. Rc3 Rd6 24. Rec1 Rf6 25. Qc2 Qxc2 26. R1xc2 Kf8 27.
Kf1 Ke7 28. Ke2 Kd7 29. Kd3 Rg6 30. f3 f5 31. Re2 Re6 1/2-1/2

[Event "TCh-CHN 2017"]
[Site "China CHN"]
[Date "2017.04.20"]
[Round "3.2"]
[Board "5"]
[White "Gu, Tianlu"]
[Black "Yuan, Ye"]
[Result "0-1"]
[WhiteTitle "WIM"]
[WhiteElo "2197"]
[BlackElo "2159"]
[WhiteTeam "Hangzhou"]
[BlackTeam "Jiangsu"]
[WhiteFideId "8603995"]
[BlackFideId "8608415"]
[EventDate "2017.04.18"]

1. e4 c5 2. Nf3 e6 3. d4 cxd4 4. Nxd4 Nc6 5. g3 Bc5 6. Nb3 Be7 7. Bg2 Nf6 8. O-O
O-O 9. c4 d6 10. Be3 Ne5 11. Qe2 Bd7 12. h3 Rc8 13. N3d2 Qc7 14. b3 a6 15. f4
Ng6 16. a4 Rfe8 17. Nc3 h6 18. Qf2 Nh7 19. Bb6 Qb8 20. Nf3 Bf6 21. Rac1 Bc6 22.
Nd4 e5 23. Nf5 exf4 24. gxf4 Bxc3 25. Rxc3 Bxe4 26. Bxe4 Rxe4 27. Qg2 Rce8 28.
Bd4 d5 29. cxd5 Rxf4 30. d6 Ng5 31. Ne7+ Nxe7 32. Rxf4 Qxd6 33. Be3 Ng6 34. Rf1
Qe5 35. Rd3 Ne6 36. Qf3 Nh4 37. Qxf7+ Kh7 38. Qf2 Qe4 39. Rd7 Rf8 40. Qd2 Nf3+
41. Rxf3 Rxf3 42. Bf2 Rxh3 43. Bb6 Rh1+ 0-1

[Event "TCh-CHN 2017"]
[Site "China CHN"]
[Date "2017.04.20"]
[Round "3.3"]
[Board "1"]
[White "Wan, Yunguo"]
[Black "Zeng, Chongsheng"]
[Result "0-1"]
[WhiteTitle "GM"]
[BlackTitle "GM"]
[WhiteElo "2486"]
[BlackElo "2547"]
[WhiteTeam "Hebei"]
[BlackTeam "Chongqing"]
[WhiteFideId "8603189"]
[BlackFideId "8603847"]
[EventDate "2017.04.18"]

1. e4 d5 2. exd5 Qxd5 3. Nc3 Qd6 4. d4 Nf6 5. Nf3 a6 6. g3 Bg4 7. Bg2 Nc6 8. O-O
O-O-O 9. Bf4 Qb4 10. a3 Qc4 11. h3 Rxd4 12. Qe1 Bxf3 13. Bxf3 Rxf4 14. gxf4 Nd4
15. Qe3 e6 16. Rad1 Nxf3+ 17. Qxf3 g6 18. Qe3 Bd6 19. Qd4 Qxd4 20. Rxd4 Nh5 21.
Ne2 e5 22. fxe5 Bxe5 23. Rb4 Rd8 24. Rc1 f5 25. Kf1 Nf6 26. f4 Bd6 27. Rd4 Re8
28. Rcd1 Bc5 29. R4d3 a5 30. Ng3 Bd6 31. Rf3 Ne4 32. Kg2 Nxg3 33. Kxg3 Re4 34.
Rd2 Kd7 35. Kf2 b5 36. Rd1 a4 37. Rd2 Kc6 38. Re2 Rd4 39. Ke3 Bc5 40. Kf2 Rb4+
41. Kg3 Rxb2 42. Kh4 Ra2 43. Re6+ Bd6 44. Rc3+ Kd7 45. Ree3 Bxf4 46. Red3+ Ke7
47. Rc5 Rb2 48. Rc6 Rb1 49. Rf3 Bd6 50. Kg5 b4 51. Ra6 b3 52. cxb3 axb3 53. Kh6
Kf7 54. Ra7 b2 55. Rb7 Be5 56. Rfb3 Rh1 0-1

[Event "TCh-CHN 2017"]
[Site "China CHN"]
[Date "2017.04.20"]
[Round "3.3"]
[Board "2"]
[White "Zhang, Ziji"]
[Black "Zhou, Weiqi"]
[Result "1/2-1/2"]
[BlackTitle "GM"]
[WhiteElo "2355"]
[BlackElo "2613"]
[WhiteTeam "Hebei"]
[BlackTeam "Chongqing"]
[WhiteFideId "8609470"]
[BlackFideId "8601674"]
[EventDate "2017.04.18"]

1. d4 Nf6 2. c4 e6 3. Nc3 Bb4 4. Qc2 b6 5. e4 c5 6. d5 Qe7 7. Be2 exd5 8. exd5
Qe4 9. Qxe4+ Nxe4 10. Bd2 Bxc3 11. Bxc3 Nxc3 12. bxc3 d6 13. Nf3 Nd7 14. Kd2 h6
15. Bd3 Kd8 16. Rae1 Rb8 17. h3 Nf6 18. Re3 Re8 19. Rxe8+ Kxe8 20. Re1+ Kf8 21.
Nh4 g6 22. g4 a6 23. Rb1 Bd7 24. Ng2 Ke7 25. Ne3 Kd8 26. Re1 b5 27. Rb1 Kc7 28.
a3 g5 29. f3 h5 30. Be2 Ra8 31. cxb5 axb5 32. Bxb5 Bxb5 33. Rxb5 Rxa3 34. Kc2 h4
35. Rb1 Ra2+ 36. Rb2 Ra4 37. Kd3 Nd7 38. Nc4 Nf8 39. Rb6 Ng6 40. Rc6+ Kd8 41.
Rxd6+ Ke7 42. Rc6 Nf4+ 43. Kc2 Nxd5 44. Rxc5 Nf4 45. Kb3 Ne6 46. Rf5 Ra1 47. Nd2
Rh1 48. Ne4 Rxh3 49. Nxg5 Nxg5 50. Rxg5 Rxf3 51. Rh5 h3 52. Kc2 Kf6 53. Kd2 Kg6
54. Ke2 Rxc3 55. Kf2 f6 56. Kg1 Rg3+ 57. Kf2 Ra3 58. Kg1 Rg3+ 59. Kf2 Rxg4 60.
Rxh3 Ra4 61. Rb3 Kf5 62. Kf3 Rf4+ 63. Kg3 Rd4 64. Kf3 Kg5 65. Rb5+ f5 66. Rb3
Rh4 67. Rb8 Rh3+ 68. Kg2 Re3 69. Rb4 Re4 70. Rxe4 1/2-1/2

[Event "TCh-CHN 2017"]
[Site "China CHN"]
[Date "2017.04.20"]
[Round "3.3"]
[Board "3"]
[White "Peng, Xiongjian"]
[Black "Liu, Yan"]
[Result "1-0"]
[BlackTitle "IM"]
[WhiteElo "2410"]
[BlackElo "2479"]
[WhiteTeam "Hebei"]
[BlackTeam "Chongqing"]
[WhiteFideId "8610550"]
[BlackFideId "8608962"]
[EventDate "2017.04.18"]

1. e4 c5 2. c3 Nf6 3. e5 Nd5 4. Nf3 Nc6 5. Bc4 e6 6. d4 cxd4 7. cxd4 d6 8. O-O
Be7 9. Qe2 O-O 10. Rd1 Na5 11. Bd3 Nb4 12. exd6 Qxd6 13. Nc3 Nxd3 14. Qxd3 Nc6
15. a3 Rd8 16. Nb5 Qb8 17. Qe4 f5 18. Qe2 a6 19. Nc3 Bf6 20. Bg5 Ne7 21. d5 e5
22. h4 Qd6 23. Nd2 b5 24. Nde4 fxe4 25. Nxe4 Qb6 26. Bxf6 gxf6 27. d6 Ng6 28. h5
Kg7 29. hxg6 hxg6 30. Rd2 Bf5 31. Rad1 Rd7 32. Rd5 Bxe4 33. Qxe4 Rad8 34. Qd3
Qc6 35. b3 Rh8 36. Qd2 Rc8 37. Rd3 Qc5 38. Rh3 Kf7 39. Qd3 Kg7 40. Rh7+ Kxh7 41.
Qh3+ Kg8 42. Qxd7 Qc2 43. Qe6+ Kg7 44. Qe7+ Kg8 45. Rf1 Rf8 46. d7 Qd2 47. g3 a5
48. Kg2 Qd5+ 49. Kh2 Qd2 50. Kg1 g5 51. Kg2 Qd5+ 52. Kh2 Qd2 53. Kh3 f5 54. Qe6+
Rf7 55. Qe8+ Rf8 56. Qg6+ Kh8 57. Rh1 Qxf2 58. Qh6+ Kg8 59. Qxf8+ Kxf8 60. d8=Q+
Kf7 61. Rd1 1-0

[Event "TCh-CHN 2017"]
[Site "China CHN"]
[Date "2017.04.20"]
[Round "3.3"]
[Board "4"]
[White "Tan, Zhongyi"]
[Black "Zhai, Mo"]
[Result "1-0"]
[WhiteTitle "GM"]
[BlackTitle "WGM"]
[WhiteElo "2517"]
[BlackElo "2302"]
[WhiteTeam "Chongqing"]
[BlackTeam "Hebei"]
[WhiteFideId "8603642"]
[BlackFideId "8600201"]
[EventDate "2017.04.18"]

1. d4 d5 2. c4 dxc4 3. e3 Bf5 4. Nc3 Nf6 5. Qf3 Qc8 6. Bxc4 Nc6 7. e4 Bg4 8. Qd3
e5 9. Bb5 exd4 10. Bxc6+ bxc6 11. Qxd4 Be7 12. h3 Be6 13. Nge2 Qa6 14. Nf4 O-O
15. Nxe6 fxe6 16. Be3 Rfd8 17. Qa4 Qxa4 18. Nxa4 Nxe4 19. Rc1 a5 20. Rxc6 Bd6
21. Ke2 Rab8 22. Rhc1 Rb5 23. b3 h6 24. Nb2 Ra8 25. R1c2 Kf7 26. Nc4 a4 27. bxa4
Rxa4 28. Kd3 Ke7 29. Kxe4 Kd7 30. Bd4 e5 31. Nxd6 cxd6 32. Rc7+ Ke6 33. Rxg7
Rxd4+ 34. Ke3 Kf6 35. Rh7 Kg6 36. Rhc7 Rbb4 37. f3 Ra4 38. R7c3 Kf5 39. Rd3
Rxd3+ 40. Kxd3 Kf4 41. Rc4+ Rxc4 42. Kxc4 e4 43. Kd4 1-0

[Event "TCh-CHN 2017"]
[Site "China CHN"]
[Date "2017.04.20"]
[Round "3.3"]
[Board "5"]
[White "Lei, Tingjie"]
[Black "Yang, Yijing"]
[Result "1-0"]
[WhiteTitle "GM"]
[BlackTitle "WCM"]
[WhiteElo "2528"]
[BlackElo "2031"]
[WhiteTeam "Chongqing"]
[BlackTeam "Hebei"]
[WhiteFideId "8605114"]
[BlackFideId "8608601"]
[EventDate "2017.04.18"]

1. c4 f5 2. g3 Nf6 3. Bg2 g6 4. d4 Bg7 5. Nf3 O-O 6. O-O d6 7. Nc3 c6 8. Rb1 Qe8
9. d5 Na6 10. Nd4 Bd7 11. e4 fxe4 12. Nxe4 Nxe4 13. Bxe4 Nc5 14. Bg2 e5 15. dxe6
Nxe6 16. Nf3 Qe7 17. Re1 Rad8 18. Bg5 Bf6 19. Bh6 Rfe8 20. b4 a6 21. Be3 Bc3 22.
Bg5 Qf8 23. Bxd8 Bxe1 24. Bb6 Bc3 25. Qb3 Bf6 26. Rd1 Bd8 27. Be3 Bc7 28. Nd2
Ng7 29. Ne4 Bf5 30. Ng5 Ne6 31. b5 Nxg5 32. Bxg5 axb5 33. cxb5+ d5 34. bxc6 bxc6
35. Qb7 Bg4 36. Qxc6 Bxd1 37. Bxd5+ Kg7 38. Qxc7+ 1-0

[Event "TCh-CHN 2017"]
[Site "China CHN"]
[Date "2017.04.20"]
[Round "3.4"]
[Board "1"]
[White "Wen, Yang"]
[Black "Sethuraman, S.P."]
[Result "0-1"]
[WhiteTitle "GM"]
[BlackTitle "GM"]
[WhiteElo "2605"]
[BlackElo "2646"]
[WhiteTeam "Shandong"]
[BlackTeam "Shenzhen"]
[WhiteFideId "8602956"]
[BlackFideId "5021596"]
[EventDate "2017.04.18"]

1. Nf3 c5 2. c4 Nf6 3. Nc3 e6 4. e3 d5 5. d4 Nc6 6. cxd5 exd5 7. Bb5 cxd4 8.
exd4 Bd6 9. O-O O-O 10. Bg5 Bg4 11. Bxc6 bxc6 12. Qd3 h6 13. Bh4 Bxf3 14. Qxf3
g5 15. Bg3 Re8 16. Rae1 Rxe1 17. Rxe1 Bxg3 18. Qxg3 Qb8 19. Qxb8+ Rxb8 20. b3
Kf8 21. f3 Ne8 22. Kf2 Ng7 23. Rc1 Ke7 24. Ke3 Kd6 25. Kd3 h5 26. Ne2 Ne6 27.
Rf1 Rg8 28. g3 f5 29. h3 f4 30. Rg1 fxg3 31. Rxg3 Rf8 32. Ke3 c5 33. dxc5+ Kxc5
34. Rg1 a5 35. Rc1+ Kd6 36. Rg1 Ke5 37. Nc1 d4+ 38. Kf2 Rc8 39. Nd3+ Kf5 40. Re1
Rc3 0-1

[Event "TCh-CHN 2017"]
[Site "China CHN"]
[Date "2017.04.20"]
[Round "3.4"]
[Board "2"]
[White "Bu, Xiangzhi"]
[Black "Liu, Qingnan"]
[Result "1/2-1/2"]
[WhiteTitle "GM"]
[BlackTitle "GM"]
[WhiteElo "2730"]
[BlackElo "2522"]
[WhiteTeam "Shandong"]
[BlackTeam "Shenzhen"]
[WhiteFideId "8601445"]
[BlackFideId "8603294"]
[EventDate "2017.04.18"]

1. Nf3 c5 2. e4 Nc6 3. Bb5 g6 4. Bxc6 dxc6 5. d3 Bg7 6. h3 e5 7. O-O Qe7 8. Nbd2
Nh6 9. a3 Be6 10. b4 cxb4 11. axb4 O-O 12. c3 Rfd8 13. d4 exd4 14. Nxd4 c5 15.
bxc5 Qxc5 16. Nxe6 fxe6 17. Qb3 Qxc3 18. Qxe6+ Nf7 19. Ra3 Qc7 20. Nf3 Re8 21.
Qd5 Qc6 22. Qxc6 bxc6 23. Be3 Rxe4 24. Rxa7 Rxa7 25. Bxa7 Ne5 26. Nxe5 Bxe5 27.
Be3 Bd4 28. Bxd4 Rxd4 29. Rc1 Rd6 30. f4 Kf7 1/2-1/2

[Event "TCh-CHN 2017"]
[Site "China CHN"]
[Date "2017.04.20"]
[Round "3.4"]
[Board "3"]
[White "Zhao, Jun"]
[Black "Wang, Hao"]
[Result "1/2-1/2"]
[WhiteTitle "GM"]
[BlackTitle "GM"]
[WhiteElo "2604"]
[BlackElo "2709"]
[WhiteTeam "Shandong"]
[BlackTeam "Shenzhen"]
[WhiteFideId "8602522"]
[BlackFideId "8602883"]
[EventDate "2017.04.18"]

1. e4 c6 2. d4 d5 3. exd5 cxd5 4. Bd3 Nc6 5. c3 Nf6 6. Bf4 Bg4 7. Qb3 Qc8 8. Nd2
e6 9. Ngf3 Be7 10. O-O O-O 11. Rfe1 Bh5 12. a4 b6 13. Ne5 Nxe5 14. Bxe5 Bg6 15.
Bf1 Nd7 16. Bf4 a5 17. Nf3 Be4 18. Ne5 Nxe5 19. Bxe5 Qd8 20. Bb5 Bd6 21. Bxd6
Qxd6 22. Re3 Ra7 23. Rae1 Re7 24. Qd1 Qf4 25. f3 Bg6 26. Re5 Rc7 27. g3 Qf6 28.
Kg2 h5 29. Qd2 Bf5 30. h3 Qh6 31. Qxh6 gxh6 32. Rxf5 exf5 33. Re5 Rd8 34. Rxf5
Re7 35. Rxh5 Rd6 36. Kf2 Kg7 37. Bd3 Rd8 38. f4 Rd6 39. Be2 Rde6 40. Bb5 Rd6 41.
Rf5 Kg6 42. Bd3 Kg7 43. h4 Ree6 44. Be2 Re7 45. Bf3 Red7 46. Re5 Kf8 47. Rh5 Kg7
48. g4 f6 49. Ke3 Re7+ 50. Kf2 Red7 51. Rf5 Kg6 52. Ke3 Re7+ 53. Kd2 Red7 54.
Be2 Kg7 55. Bd3 Rf7 56. Rh5 Rf8 57. Kc2 Rh8 58. Kb3 Rd7 59. Bf1 Rd6 60. Bg2 Rhd8
61. Bf3 R8d7 62. Rf5 Kg6 63. h5+ Kg7 64. g5 fxg5 65. fxg5 hxg5 66. Rxg5+ Kh6 67.
Re5 Rd8 68. Rf5 R8d7 69. Re5 Rd8 70. Bg2 R8d7 71. Bh1 Rd8 72. Bf3 R8d7 73. Re8
Rf7 74. Be2 Rf2 75. Re5 Rg2 76. Bd3 Rg5 77. Rxg5 Kxg5 78. Bg6 Rf6 79. Be8 Kf4
80. Bg6 Ke3 81. Kc2 Rf2+ 1/2-1/2

[Event "TCh-CHN 2017"]
[Site "China CHN"]
[Date "2017.04.20"]
[Round "3.4"]
[Board "4"]
[White "Liu, Shilan"]
[Black "Zhang, Xiaowen"]
[Result "0-1"]
[WhiteTitle "WGM"]
[BlackTitle "WGM"]
[WhiteElo "2083"]
[BlackElo "2332"]
[WhiteTeam "Shenzhen"]
[BlackTeam "Shandong"]
[WhiteFideId "8600279"]
[BlackFideId "8603219"]
[EventDate "2017.04.18"]

1. e4 g6 2. d4 Bg7 3. Nf3 d6 4. Be3 Nf6 5. Bd3 O-O 6. c3 Nc6 7. O-O e5 8. dxe5
dxe5 9. Qe2 h6 10. Bc5 Re8 11. Rd1 Nh5 12. g3 Bg4 13. Nbd2 Qf6 14. Kg2 Rad8 15.
Nf1 b6 16. Ba3 Bc8 17. Bb5 Qe6 18. Ng1 Bb7 19. Ne3 Nf6 20. f3 Bf8 21. Bxf8 Rxf8
22. Qc4 Qxc4 23. Nxc4 Nd7 24. Rd2 a6 25. Bxc6 Bxc6 26. Rad1 f6 27. Nh3 Kf7 28.
Nf2 Ke7 29. Ng4 h5 30. Nge3 Nc5 31. Nd5+ Bxd5 32. exd5 Nb7 33. Ne3 f5 34. Nc4
Kf6 35. f4 e4 36. h4 Nd6 37. Ne3 a5 38. c4 Rd7 39. b3 Ra8 40. Kf2 Nb7 41. Ke2
Rd6 42. Nc2 Nc5 43. Ke3 Nd3 44. Nd4 a4 45. Nb5 Rd7 46. Rxd3 exd3 47. b4 Re8+ 48.
Kxd3 Rde7 49. Kc3 Rc8 50. Na7 Rce8 51. Nb5 Rd8 52. Rd3 Rdd7 53. c5 bxc5 54. bxc5
Rd8 55. c6 Rc8 56. Kc4 Re2 57. Nc3 Re1 58. Kb4 Rb8+ 59. Ka3 Ke7 60. d6+ cxd6 61.
c7 Rc8 62. Nd5+ Kf7 63. Kxa4 Rb1 64. Rb3 Rc1 65. Rb5 Ke6 66. Ka5 Rc5 67. Rxc5
dxc5 68. Kb6 Kxd5 69. a4 c4 70. a5 c3 71. Kb7 Rxc7+ 72. Kxc7 c2 73. a6 0-1

[Event "TCh-CHN 2017"]
[Site "China CHN"]
[Date "2017.04.20"]
[Round "3.4"]
[Board "5"]
[White "Huang, Qian"]
[Black "Ning, Kaiyu"]
[Result "1-0"]
[WhiteTitle "WGM"]
[WhiteElo "2438"]
[BlackElo "2169"]
[WhiteTeam "Shenzhen"]
[BlackTeam "Shandong"]
[WhiteFideId "8602689"]
[BlackFideId "8614750"]
[EventDate "2017.04.18"]

1. Nf3 d5 2. g3 Nf6 3. Bg2 c6 4. O-O Bf5 5. d3 h6 6. c4 e6 7. cxd5 cxd5 8. Qb3
Qb6 9. Qxb6 axb6 10. Nc3 Nc6 11. Bd2 Rc8 12. Nb5 e5 13. Rfc1 Be7 14. d4 e4 15.
Ne5 O-O 16. Nxc6 Rxc6 17. Nc3 Rfc8 18. a3 Be6 19. f3 exf3 20. Bxf3 Rd8 21. Rf1
Bg4 22. Rae1 Bh3 23. Rf2 Ne4 24. Nxd5 Rxd5 25. Bxe4 Rxd4 26. Bxc6 Rxd2 27. Bg2
Bxg2 28. Kxg2 Rxb2 29. Rf3 Bc5 30. Kf1 f6 31. Rd1 Kh7 32. a4 Kg6 33. Rf4 b5 34.
axb5 Rxb5 35. Rg4+ Kh7 36. Rd7 Bf8 37. Kg2 b6 38. Re4 Ba3 39. Rb7 Rb2 40. Kf3
Bc5 41. Rc4 Rb3+ 42. Kg2 Re3 43. Kf1 Re5 44. Rg4 Bf8 45. Rxb6 Rf5+ 46. Rf4 Rh5
47. Kg2 Re5 48. Rb2 Ba3 49. Ra2 Bc1 50. Rc4 Be3 51. Rb2 Rf5 52. Re4 Rf2+ 53. Kh3
Bc1 54. Rb3 f5 55. Re6 Bg5 56. Rf3 Rxf3 57. exf3 Bf6 58. Kg2 Kg6 59. Kf2 Kf7 60.
Ra6 Bd4+ 61. Kf1 g6 62. h3 Be5 63. Kf2 Bd4+ 64. Ke2 Be5 65. f4 Bd4 66. g4 h5 67.
gxh5 gxh5 68. Rh6 Bf6 69. h4 1-0

[Event "TCh-CHN 2017"]
[Site "China CHN"]
[Date "2017.04.20"]
[Round "3.5"]
[Board "1"]
[White "Zhao, Yuanhe"]
[Black "Wang, Tongsen"]
[Result "1/2-1/2"]
[WhiteElo "2394"]
[BlackElo "2395"]
[WhiteTeam "Chengdu"]
[BlackTeam "Qingdao"]
[WhiteFideId "8609497"]
[BlackFideId "8608067"]
[EventDate "2017.04.18"]

1. d4 d5 2. c4 e6 3. Nf3 c6 4. e3 Nf6 5. Bd3 dxc4 6. Bxc4 c5 7. Qe2 a6 8. O-O b5
9. Bd3 Bb7 10. dxc5 Nc6 11. Nc3 Bxc5 12. e4 Nd4 13. Nxd4 Bxd4 14. Bg5 b4 15. Nd5
exd5 16. e5 Kf8 17. exf6 Bxf6 18. Bxf6 Qxf6 19. Rac1 Re8 20. Qg4 Qd6 21. Qd4 h5
22. Rc5 Rh6 23. Qxb4 Kg8 24. Rfc1 Qb6 25. Qxb6 Rxb6 26. b3 g6 27. h4 Re7 28. Rc7
Rbe6 29. Rxe7 Rxe7 30. b4 Kf8 31. a4 Ke8 32. Kf1 Kd8 33. g3 Re6 34. a5 Kd7 35.
Re1 Rc6 36. Ke2 Rc3 37. Ke3 Ra3 38. Kd4 Kd6 39. Rc1 Ra4 40. Kc3 Ra3+ 41. Kd4 Ra4
42. Kc3 Ra3+ 43. Kd4 Ra4 44. Rb1 Ra2 45. f3 Rg2 46. b5 axb5 47. Rxb5 Kc7 48.
Rc5+ Kb8 49. a6 Ba8 50. Rb5+ Ka7 51. Rc5 Kb8 52. Rb5+ Ka7 53. Rc5 Kb8 54. a7+
Kxa7 55. Rc7+ Bb7 56. Rxf7 Rxg3 57. Rf6 g5 58. hxg5 Rxg5 59. f4 Rg3 60. Rh6 Rf3
61. f5 Bc8 62. Rxh5 Kb6 63. Rh6+ Kc7 1/2-1/2

[Event "TCh-CHN 2017"]
[Site "China CHN"]
[Date "2017.04.20"]
[Round "3.5"]
[Board "2"]
[White "Xu, Xiangyu"]
[Black "Fang, Yuxiang"]
[Result "1/2-1/2"]
[WhiteTitle "GM"]
[BlackTitle "GM"]
[WhiteElo "2549"]
[BlackElo "2497"]
[WhiteTeam "Chengdu"]
[BlackTeam "Qingdao"]
[WhiteFideId "8608288"]
[BlackFideId "8605840"]
[EventDate "2017.04.18"]

1. d4 d5 2. c4 c6 3. Nf3 Nf6 4. Nc3 e6 5. Bg5 Nbd7 6. cxd5 exd5 7. e3 Qa5 8. Nd2
Ne4 9. Ndxe4 dxe4 10. Bh4 Bb4 11. Qc2 O-O 12. Be2 c5 13. O-O cxd4 14. exd4 Nb6
15. Qxe4 g5 16. Nb5 gxh4 17. a3 Bd2 18. Bd3 f5 19. Qxh4 Bd7 20. Qg3+ Kh8 21. b4
Qa4 22. Qe5+ Kg8 23. Qg3+ Kh8 24. Qe5+ Kg8 25. Qg3+ Kh8 26. Qe5+ Kg8 27. Qg3+
Kh8 28. Qe5+ Kg8 29. Qg3+ Kh8 30. Qe5+ Kg8 31. Qg3+ Kh8 32. Qe5+ Kg8 33. Qg3+
Kh8 34. Qe5+ Kg8 35. Qg3+ Kh8 36. Qe5+ Kg8 37. Qg3+ Kh8 38. Qe5+ Kg8 39. Qg3+
Kh8 40. Qe5+ Kg8 41. Qg3+ Kh8 42. Qe5+ 1/2-1/2

[Event "TCh-CHN 2017"]
[Site "China CHN"]
[Date "2017.04.20"]
[Round "3.5"]
[Board "3"]
[White "Liu, Guanchu"]
[Black "Ma, Zhonghan"]
[Result "1-0"]
[WhiteTitle "IM"]
[BlackTitle "IM"]
[WhiteElo "2462"]
[BlackElo "2471"]
[WhiteTeam "Chengdu"]
[BlackTeam "Qingdao"]
[WhiteFideId "8603901"]
[BlackFideId "8607206"]
[EventDate "2017.04.18"]

1. e4 e5 2. Nf3 Nc6 3. c3 Nf6 4. d4 Nxe4 5. d5 Ne7 6. Nxe5 Ng6 7. Qf3 Nf6 8.
Nxg6 hxg6 9. Bd3 Bd6 10. Nd2 Qe7+ 11. Kd1 Be5 12. h3 d6 13. Re1 O-O 14. Nc4 b5
15. Na5 Bd7 16. Bg5 b4 17. cxb4 Qd8 18. Re2 Qb8 19. a3 Ba4+ 20. Ke1 Nh7 21. Bf4
Bxf4 22. Qxf4 Nf6 23. Qc4 Re8 24. b5 Rxe2+ 25. Bxe2 a6 26. Qxa4 axb5 27. Qb4
Nxd5 28. Qd2 Ne7 29. Nb3 c5 30. Rd1 Ra6 31. Qf4 Qb6 32. Kf1 Kf8 33. Kg1 Qc6 34.
Bf3 Qc7 35. Nc1 Nf5 36. Ne2 Ra4 37. Qd2 b4 38. Qc2 Qa7 39. Bc6 Ra6 40. Qe4 Ne7
41. Bb5 Rb6 42. a4 g5 43. Ng3 g6 44. Qe3 f6 45. Re1 Qc7 46. h4 d5 47. hxg5 f5
48. Rc1 c4 49. Qd4 Re6 50. b3 f4 51. Nf1 Re4 52. Qf6+ Kg8 53. bxc4 1-0

[Event "TCh-CHN 2017"]
[Site "China CHN"]
[Date "2017.04.20"]
[Round "3.5"]
[Board "4"]
[White "Hong, Xing"]
[Black "Shvayger, Yuliya"]
[Result "0-1"]
[BlackTitle "IM"]
[WhiteElo "2017"]
[BlackElo "2433"]
[WhiteTeam "Qingdao"]
[BlackTeam "Chengdu"]
[WhiteFideId "8606129"]
[BlackFideId "14100126"]
[EventDate "2017.04.18"]

1. c4 e5 2. Nc3 Nf6 3. Nf3 Nc6 4. d4 exd4 5. Nxd4 Bb4 6. e3 O-O 7. Be2 Ne4 8.
Qc2 Nxc3 9. bxc3 Be7 10. O-O d6 11. Nxc6 bxc6 12. Bf3 Bd7 13. c5 dxc5 14. Rd1
Bd6 15. Bb2 Rb8 16. c4 Rb4 17. a3 Rb6 18. g3 Qe7 19. Bc3 Rfb8 20. Rab1 Qe6 21.
Be2 Qh3 22. Bf1 Qh5 23. Ba5 Bg4 24. Bxb6 Bxd1 25. Qxd1 Qxd1 26. Rxd1 axb6 27.
Rb1 Ra8 28. Bg2 Ra4 29. Rc1 Rxa3 30. Bxc6 Kf8 31. Kg2 Ke7 32. Kf3 f5 33. Rc2 Kf6
34. h3 Ke7 35. Ke2 Be5 36. Bb5 Bc3 37. Rc1 Ra2+ 38. Kf3 Be5 39. g4 g6 40. Rd1
Bd6 41. gxf5 gxf5 42. Rg1 Kf6 43. Rg8 Rc2 44. Rc8 Kg6 45. Rg8+ Kh6 46. Rd8 Kg7
47. Rc8 h5 48. Rd8 h4 49. Rc8 Bh2 50. e4 fxe4+ 51. Kxe4 Rxf2 52. Rd8 Bd6 53. Kd5
Rf5+ 54. Kc6 Rf3 55. Rd7+ Kg6 56. Rd8 Rxh3 57. Rg8+ Kf6 58. Ba6 Ra3 59. Bb7 h3
60. Rh8 h2 61. Kd7 Ra1 62. Bd5 Rg1 63. Kc6 Kg7 64. Rh3 Rg6 65. Kb5 Rh6 0-1

[Event "TCh-CHN 2017"]
[Site "China CHN"]
[Date "2017.04.20"]
[Round "3.5"]
[Board "5"]
[White "Gong, Qianyun"]
[Black "Ren, Xiaoyi"]
[Result "1/2-1/2"]
[WhiteTitle "WIM"]
[WhiteElo "2280"]
[BlackElo "2254"]
[WhiteTeam "Qingdao"]
[BlackTeam "Chengdu"]
[WhiteFideId "8602425"]
[BlackFideId "8608709"]
[EventDate "2017.04.18"]

1. e4 e5 2. Bc4 Nf6 3. Nc3 Be7 4. d3 d6 5. f4 Bg4 6. Nf3 exf4 7. Bxf4 Nh5 8. Be3
Nc6 9. d4 O-O 10. O-O Nf6 11. Bd3 Bh5 12. Ne2 Nb4 13. Nf4 Nxd3 14. Qxd3 Bg6 15.
Nxg6 hxg6 16. c4 a5 17. Rad1 Qd7 18. h3 Rfd8 19. Qc2 a4 20. Ng5 Rf8 21. e5 Nh7
22. Nf3 dxe5 23. Nxe5 Qe6 24. Bf4 Bg5 25. Bg3 Nf6 26. Nf3 Be3+ 27. Kh1 Qe4 28.
Qc3 Qe7 29. Ne5 Bh6 30. Rde1 Qd8 31. d5 Ra6 32. Qf3 Nh5 33. Bf2 Rf6 34. Qc3 Bf4
35. Ng4 Rf5 36. g3 Bd6 37. Kg2 Rxf2+ 38. Nxf2 Nxg3 39. Rg1 Qg5 40. Qe3 Bf4 41.
Qe7 f6 42. Qe6+ Kh8 43. Qg4 Qh6 44. Qf3 Nf5 45. Kh1 Bd6 46. Ne4 Be5 1/2-1/2

[Event "TCh-CHN 2017"]
[Site "China CHN"]
[Date "2017.04.20"]
[Round "3.6"]
[Board "2"]
[White "Lu, Shanglei"]
[Black "Wang, Yue"]
[Result "1/2-1/2"]
[WhiteTitle "GM"]
[BlackTitle "GM"]
[WhiteElo "2641"]
[BlackElo "2690"]
[WhiteTeam "Zhejiang"]
[BlackTeam "Tianjin"]
[WhiteFideId "8603332"]
[BlackFideId "8601429"]
[EventDate "2017.04.18"]

1. e4 e5 2. Nc3 Nf6 3. g3 c6 4. Bg2 d5 5. d3 dxe4 6. dxe4 Qxd1+ 7. Nxd1 Be6 8.
f3 Na6 9. a3 Nd7 10. Be3 Bc5 11. Ne2 Ke7 12. Kf2 Rhd8 13. b3 Nc7 14. Ndc3 a5 15.
Rhd1 Bxe3+ 16. Kxe3 Nb6 17. Rxd8 Rxd8 18. Bf1 f6 19. Rd1 Ra8 20. Rb1 Bc8 21. a4
Na6 22. Na2 Be6 23. Nec1 Nc5 24. Nc3 Nbd7 25. Nd3 Nxd3 26. Bxd3 Nc5 27. Be2 Rd8
28. h4 h6 29. Rd1 Rxd1 30. Nxd1 Bd7 31. Kd2 b5 32. axb5 cxb5 33. Nc3 1/2-1/2

[Event "TCh-CHN 2017"]
[Site "China CHN"]
[Date "2017.04.20"]
[Round "3.6"]
[Board "3"]
[White "Xu, Minghui"]
[Black "Malakhov, Vladimir"]
[Result "0-1"]
[BlackTitle "GM"]
[WhiteElo "2316"]
[BlackElo "2686"]
[WhiteTeam "Zhejiang"]
[BlackTeam "Tianjin"]
[WhiteFideId "8606790"]
[BlackFideId "4120787"]
[EventDate "2017.04.18"]

1. Nf3 g6 2. d4 Bg7 3. c4 c5 4. d5 d6 5. e4 Bg4 6. Nc3 Nd7 7. Be2 Bxc3+ 8. bxc3
Qa5 9. O-O Bxf3 10. Bxf3 Ngf6 11. Qc2 h6 12. Be2 O-O-O 13. f4 Rdg8 14. g3 Qc7
15. Bd3 g5 16. Kh1 Rg7 17. Qe2 e5 18. f5 g4 19. Bd2 h5 20. Kg2 h4 21. Rh1 Qd8
22. Raf1 Rh5 23. Be1 Qh8 24. h3 hxg3 25. h4 Rh6 26. Bd2 Nh5 0-1